Hidden Neighbors of Switzerland Quiz Stats

 Plays Quiz Updated Sep 22, 2016

Score 0/5 Timer 00:30
8 Plays Today
% Correct
France
97.1%
Italy
96.6%
Germany
90.6%
Austria
83.6%
Liechtenstein
76.2%

You're not logged in!

Compare scores with friends on all Sporcle quizzes.
OR
Log In

Sporcle TV

Today on Sporcle TV


Watch our educational content, quiz creation guides, and fun videos on Sporcle TV.

Show Comments

Extras

Top Quizzes Today


Score Distribution

Your Account Isn't Verified!

In order to create a playlist on Sporcle, you need to verify the email address you used during registration. Go to your Sporcle Settings to finish the process.

Report this User

Report this user for behavior that violates our Community Guidelines.

Details: